01348cam a2200289 a 450000100060000000300080000600500170001400800410003102000210007203500560009304000310014904100080018008200260018810000370021424500860025125000140033726000460035130000800039750002480047750001510072550000360087650400200091265100410093265100230097370000390099674000230103522454BD-RjUL20211209000817.0140308r19771906enkabf 001 0 eng d a019281219X (pbk) aCURL 05019281219X(Lon) from mcbc162a(BD-RjUL)22519 aUkOxUbengcUkOxUdBD-RjUL aeng04a914.278218bWOG 19771 aWordsworth, William,d1770-1850.10aWordsworth's guide to the Lakes /cby William Wordsworth; Ernest De Sélincourt. a5th ed. / aOxford :bOxford University Press,c1977. axxxii, 212 p, [6] leaves of plates, [8] p of plates :bill, 1 map ;c20 cm. aFacsimile reprint of 5th ed. with de Sélincourt introduction and notes, London : Henry Frowde, 1906. - 5th ed. originally published: as 'A guide through the district of the lakes in the North of England'. Kendal : Hudson and Nicholson, 1835. a"In this reprint four illustrations have been added to the eight in the original edition ..." -- "Publisher's note to 1970 reprint", verso of t.p. aFirst issued in paperback 1977. aIncludes index. 0aLake District (England)vGuidebooks. 0aCumbria (England).1 aDe Selincourt, Ernest,d1870-1943.0 aGuide to the Lakes